[Event "Monte Sabotino op"]
[Site "Torino"]
[Date "2012.11.27"]
[Round "4"]
[White "Barbonese, Roberto"]
[Black "Levi, Aldo"]
[Result "1-0"]
[WhiteElo "1299"]
[BlackElo "1424"]
[PlyCount "75"]
[EventDate "2012.11.06"]
[EventType "swiss"]
[EventRounds "7"]
[EventCountry "ITA"]
[SourceTitle "EXT 2015"]
[Source "ChessBase"]
[SourceDate "2014.11.20"]
[SourceVersion "1"]
[SourceVersionDate "2014.11.20"]
[SourceQuality "1"]

1. d4 d5 2. Nf3 Nf6 3. e3 e6 4. Bd3 Bd6 5. b3 0-0 6. Bb2 Nc6 7. a3 Re8 8. Ne5 Bd7 9. c4 b6 10. Qc2 Ne7 11. c5 bxc5 12. dxc5 Bxe5 13. Bxe5 Ng6 14. Bxg6 fxg6 15. c6 Bc8 16. Nc3 a6 17. 0-0 Rf8 18. Rad1 Ne8 19. e4 Qg5 20. Bg3 Nd6 21. exd5 e5 22. Ne4 Qf5 23. f3 Nxe4 24. fxe4 Qg5 25. Rxf8+ Kxf8 26. Qc5+ Qe7 27. Qxe7+ Kxe7 28. Bxe5 Bg4 29. Rf1 Rf8 30. Rxf8 Kxf8 31. Bxc7 Ke8 32. d6 h5 33. d7+ Bxd7 34. cxd7+ Kxd7 35. Be5 Ke6 36. Bxg7 g5 37. Kf2 g4 38. Kg3 1-0

[Event "Torino Province-ch"]
[Site "Torino"]
[Date "2010.03.09"]
[Round "5"]
[White "Levi, Aldo"]
[Black "Paoli, Mario"]
[Result "0-1"]
[WhiteElo "1344"]
[BlackElo "1746"]
[PlyCount "78"]
[EventDate "2010.02.09"]
[EventType "swiss"]
[EventRounds "7"]
[EventCountry "ITA"]
[SourceTitle "EXT 2024"]
[Source "ChessBase"]
[SourceDate "2023.10.10"]
[SourceVersion "1"]
[SourceVersionDate "2023.10.10"]
[SourceQuality "1"]

1. e4 g6 2. d4 Bg7 3. Nf3 c6 4. Nc3 e6 5. e5 Ne7 6. Bg5 d6 7. exd6 Qxd6 8. Ne4 Qb4+ 9. c3 Qxb2 10. Bxe7 Kxe7 11. Bd3 f5 12. Ned2 Qxc3 13. Be2 Nd7 14. 0-0 Nb6 15. Nb3 Nd5 16. Rc1 Qb4 17. Ne5 Qd6 18. Bc4 Bxe5 19. dxe5 Qxe5 20. Re1 Qd6 21. Bxd5 cxd5 22. Rc5 Kf7 23. Qa1 Bd7 24. Qe5 Qxe5 25. Rxe5 Rac8 26. Rxc8 Rxc8 27. h3 Kf6 28. Re1 e5 29. Na5 b6 30. Nb3 Rc2 31. Nc1 e4 32. a3 d4 33. Nb3 d3 34. Rd1 Ke5 35. Nd2 Kd4 36. Nf1 f4 37. Nd2 Bc6 38. Nb3+ Kc3 39. Na1 d2 0-1